000 00852nam a22002537a 4500
003 dpl
005 20180530165129.0
008 180530b xxu||||| |||| 00| 0 eng d
010 _aB-030323
020 _c00.00
_a8170490960
035 _aB-030323, B-030332
037 _bCen Lib/Ret
040 _aDPL
_bEN
_c0
082 _a355.30954
_bKUL
100 _aK. Kuldip Singh
_914954
245 _aOvercoming crisis in leadership :
_cby K Kuldip Singh
_bIndian army /
260 _aNew Delhi
_bManas Publications
_c1998
270 _bNew Delhi
_a4819/XI, Varun House, Mathur Lane, 24, Ansari Road, Daryaganj
_e110002
300 _a294p. :
_c24cm(Hb)
_bill.
500 _aIncludes bibliographical references and index
650 _aIndia. -- Army.
_914955
650 _aCommand of troops.
_914956
942 _2ddc
_cEN
_h355.30954
_mKUL
999 _c125618
_d125618